000 00960cam a22001934a 4500
005 20250605164218.0
008 250528s ||||||||||||||||||||||||d
035 _a20547
020 _a333597826
040 _aGR-AtMCL
_bgre
_dGR-AtMCL
_eAACR2
245 1 _aAcross America / A History of the USA and its Regions
260 _bMacmillan Publishers,
_c1995
300 _a144
520 _aThe book takes the reader on an exciting journey through the United States of America. The First Americans, Discovery and Exploration, Early English Explorations in the New World; The Lost Colony, Jamestown and the Story of Pocahontas, New England, Paul Revere and the American Revolution, The Middle Atlantic States, The Capital of the United States: Washington DC, The South, The Mid-West, The Great Plains, The West, The 49th and 50th States, Hiking the Appalachian Trail.
700 1 _aCox Teresa Bruner
_96531
942 _cBK
999 _c5645
_d5645